| 000 | 00820nam a22002657a 4500 | ||
|---|---|---|---|
| 003 | OSt | ||
| 005 | 20260523112245.0 | ||
| 008 | 260523b |||||||| |||| 00| 0 eng d | ||
| 020 | _a978-93-7098-448-6 | ||
| 040 | _cSBCL | ||
| 082 |
_a894.8123 _bBEN-M |
||
| 100 | _aBenyamin | ||
| 245 | _aMulberry, Ennodu Ninte Zorbayekurichu Parayu | ||
| 250 | _a2nd | ||
| 260 |
_aKizhakkemuri Edam _bDC Books _c2026 |
||
| 300 | _a421p. | ||
| 630 | _x Literature & rhetoric | ||
| 650 | _a Literatures of other languages | ||
| 650 | _a Literatures of Altaic, Uralic, Hyperborean, Dravidian languages; literatures of miscellaneous languages of south Asia | ||
| 650 | _aDravidian literatures | ||
| 650 | _aSouth Dravidian languages | ||
| 650 | _aMalayalam | ||
| 650 | _aMalayalam fiction | ||
| 942 | _cBOOK | ||
| 999 |
_c138186 _d138186 |
||